| 000 | 03193cam a2200421 i 4500 | ||
|---|---|---|---|
| 999 |
_c3038 _d3038 |
||
| 006 | m o d | ||
| 007 | cr cnu---unuuu | ||
| 008 | 221125t20232023enkab ob 001 0 eng | ||
| 020 |
_a9781003280248 _qelectronic book |
||
| 020 |
_a1003280242 _qelectronic book |
||
| 020 |
_a9781000823301 _qelectronic book |
||
| 020 |
_a100082330X _qelectronic book |
||
| 020 |
_a9781000823325 _qelectronic book |
||
| 020 |
_a1000823326 _qelectronic book |
||
| 040 |
_aKO _beng |
||
| 040 |
_aKO _beng |
||
| 041 | 0 | _aeng | |
| 082 | 0 | 0 |
_a333.9164 _223 |
| 130 | 0 | _aBlue economy (Routledge) | |
| 245 | 0 | 0 |
_aBlue economy : _bpeople and regions in transitions / _cedited by C. Patrick Heidkamp, John Edward Morrissey and Celine Germond-Duret. |
| 260 |
_aAbingdon, Oxon ; New York, NY : _bRoutledge, _c2023 |
||
| 300 |
_a1 online resource (xxiv, 251 pages) : _billustrations, maps. |
||
| 490 | 1 | _aThe dynamics of economic space | |
| 520 | _a"This book presents state-of-the-art perspectives on the blue economy. It applies important geographical and sustainability transitions perspectives, and underscores how blue economy dynamics are situated in regional contexts and shaped by the people who live there. The book highlights the blue economy concept as a potential driver of regionally sensitive, ecologically embedded and community focused sustainability. The scope for blue economy to form a core 'cog' in our low-carbon future is obvious, from the potential for renewable energy production and coastal resilience building, to possibilities for sustainable food production and the delivery of economic opportunities for peripheral communities. However, fundamental questions remain on how to meaningfully deliver these promises, such as how to avoid embedding a model of damaging extractivism, as per the terrestrial economy, and how to deliver on the key social sustainability principles of human well-being, equity, and justice when planning and developing blue economies. As the UN Decade of Ocean Science for Sustainable Development opens, this book provides a timely reminder of the richness, diversity, and potential of coastal and marine spaces. It advances geographical and transdisciplinary understandings of the blue economy and sets a baseline for continued scholarly engagement with the blue economy from a variety of perspectives. This timely contribution will be of interest to policy makers, academics, industry leaders, decision makers and stakeholders working in or connected to the Blue Economy Sphere and working in the fields of Economic Geography, Regional Development, Public Policy and Planning, Environmental Studies and Coastal Zone Management"-- | ||
| 650 | 0 |
_aMarine resources _xEconomic aspects. |
|
| 650 | 0 |
_aMarine resources _xSocial aspects. |
|
| 650 | 0 |
_aSustainable development _xSocial aspects. |
|
| 650 | 0 | _aCoastal zone management. | |
| 700 | 1 |
_aHeidkamp, C. Patrick, _eedt |
|
| 700 | 1 |
_aMorrissey, John, _eedt |
|
| 700 | 1 |
_aGermond-Duret, Céline, _eedt |
|
| 830 | 0 | _aDynamics of economic space. | |
| 856 | 4 | 0 | _uhttps://www.taylorfrancis.com/books/9781003280248 |
| 904 | _aRUDRA_R | ||
| 905 | _aR_RANJAN | ||
| 942 |
_cEB _2ddc |
||